Thanksgiving Foods by Picture - Statistics

General Stats
  • This quiz has been taken 428 times
  • The average score is 7 of 8
Answer Stats
Picture Answer % Correct
Turkey
100%
Apple Pie
96%
Corn
96%
Pumpkin Pie
93%
Green Bean
87%
Cranberries
80%
Pecan pie
77%
Mashed Potatos
36%
No matching quizzes found
Score Distribution
Percent of People with Each Score
Percentile by Number Answered
Your Score History
You have not taken this quiz